| 000 | 00679nam a2200193 a 4500 | ||
|---|---|---|---|
| 005 | 20240924064532.0 | ||
| 008 | 991125s1979 bue 000 0 spa u | ||
| 035 | _aUPN01000030292 | ||
| 049 | _aCG | ||
| 050 | 4 |
_aLB1167 _bI538 1979 |
|
| 245 | 0 | 3 |
_aEl infante y el niño en la cultura actual : _bguía del desarrollo en el hogar y en el jardín de infantes / _cArnold Gesell... [et al.] ; tr. María Victoria Suárez. |
| 260 |
_aBuenos Aires : _bPaidós, _c1979. |
||
| 300 | _a262 p. | ||
| 650 | 4 |
_aEducación preescolar _91517 |
|
| 650 | 7 |
_aEducación psicomotriz _2 _95394 |
|
| 700 | 1 |
_aGesell, Arnold Lucius, _d1880-1961 _ecoaut. _928379 |
|
| 905 | _aLibro | ||
| 999 |
_c30292 _d30292 |
||